000 02438nam0a2200457 4500
001 RU\NLR\bibl\1519642
005 20260405203302.0
010 _a978-5-9275-0407-7
_9100
021 _aRU
_b2010-31871
_92136
035 _a(nilc)EL/0000260936
035 _aROSTOV\BIBL\0000145574
035 _a(NLR Aleph) 001511011
090 _a80498
_c80498
100 _a20090406d2008 |||y0rusy50 ca
101 0 _arus
_ager
102 _aRU
105 _ay |||||||||
106 _ar
135 _acrmn mmmancda
200 1 _aНемецкий язык для магистрантов и аспирантов университетов
_eГермания и Европа
_eучебное пособие
_fС.Е. Колоскова
_gФедер. агентство по образованию Рос. Федерации, Федер. гос. образоват. учреждение высш. проф. образования "Юж. федер. ун-т"
210 _aРостов-на-Дону
_cИзд-во Южного федерального университета
_d2008
215 _a43 с.
_d21
225 1 _aПриоритетные национальные проекты
_iОбразование
325 _aКопия доступна в Электрон. б-ке РНБ
606 1 _aНемецкий язык
_jУчебные издания для высших учебных заведений
_91063964
_3RU\NLR\auth\66413315
606 1 _aНемецкий язык
_jУчебные издания для последипломного образования
_91063964
_3RU\NLR\AUTH\66413315
610 2 _aНемецкий язык
610 2 _aУчебные издания для вузов
686 _a81.432.4-923
_vLBC/RL
_2rubbk
686 1 _aШ143.24-93рус3
700 1 _4070
_8rus
_7ca
_aКолоскова
_bС. Е.
_gСветлана Ефимовна
_3RU\NLR\AUTH\7790715
_973642
801 0 _aRU
_bДонская ГПБ
_c20090406
_grcr
801 1 _aRU
_bДонская ГПБ
_c20090406
_2rusmarc
801 2 _aRU
_bNLR
_c20100604
_grcr
942 _cBOOK
980 _aNB
981 1 3 _a(13) Документы, защищенные авторским правом
_b(13) Современная научная, научно-популярная и популярная л